Hodnotová analýza ako metóda tvorivého myslenia diplomová práca

Na minha lista:
Detalhes bibliográficos
Autor principal: Horváth, Ivan
Autor Corporativo: Fakulta podnikového manažmentu EU. Katedra manažmentu výroby a logistiky - zrušená
Outros Autores: Porubanová, Klaudia
Formato: Livro
Idioma:eslovaco
Publicado em: Bratislava 2018
Tags: Adicionar Tag
Sem tags, seja o primeiro a adicionar uma tag!

MARC

LEADER 00000nbm a2200000 4500
001 0244874
005 20181009130146.9
041 0 |a slo 
044 |a SK 
245 1 0 |a Hodnotová analýza ako metóda tvorivého myslenia  |b diplomová práca  |c Ivan Horváth ; školiteľ: Klaudia Porubanova 
264 1 |a Bratislava  |c 2018 
300 |a 79 s. 
100 1 |a Horváth, Ivan 
700 1 |a Porubanová, Klaudia 
710 2 |a Fakulta podnikového manažmentu EU. Katedra manažmentu výroby a logistiky - zrušená